Detalles MARC
| 000 -LIDER |
| fixed length control field |
01143nam a22003137a 4500 |
| 003 - IDENTIFICACDOR DE NÚMERO DE CONTROL |
| control field |
DO-SdBNP |
| 005 - DATE AND TIME OF LATEST TRANSACTION |
| control field |
20171205124825.0 |
| 008 - ELEMENTOS DE LONGITUD FIJA |
| fixed length control field |
060721 1983 xxu a 1 spa |
| 017 ## - NÚMERO DE REGISTRO DE DERECHOS DE AUTOR |
| Copyright or legal deposit number |
|
| Assigning agency |
|
| 035 ## - NÚMERO LOCAL |
| System control number |
|
| 040 ## - FUENTE DE CATALOGACIÓN |
| Agencia que crea de manera original el registro |
BPMSU |
| Idioma de catalogación |
spa |
| Agencia que realiza la transcripción |
BPMSU |
| Convenciones de la despripción |
|
| 082 ## - NÚMERO DE CLASIFICACIÓN DECIMAL DE DEWEY |
| Classification number |
|
| Item number |
|
| 092 ## - LOCALLY ASSIGNED DEWEY DECIMAL CALL NUMBER |
| Número de clasificación |
xxx |
| Número de ítem (Cutter) |
xxx |
| Número de edición |
|
| 240 00 - TITULO UNIFORME |
| Título uniforme |
old testament: student manual Genesis- 2 Samuel/ |
| Idioma de una obra |
Español |
| 245 03 - MENCIÓN DE TITULO |
| Título |
El antiguo testamento : Genesis - 2 Samuel : |
| Subtítulo |
manual para el alumno (Religión 301) |
| Medio (Designación general de material) |
|
| 260 ## - PUBLICACIÓN, DISTRIBUCIÓN, ETC. (PIE DE IMPRENTA) |
| Lugar de publicación, distribución, etc |
Salt Lake City, Utah, E.U.A. : |
| Nombre del editor, distribuidor, etc. |
Iglesia de Jesucristo de los Santos de los Últimos Días, |
| Fecha de publicación, distribución, etc |
1986. |
| Lugar de impresión |
|
| Impresor |
|
| 300 ## - DESCRIPCIÓN FÍSICA |
| Extensión |
350 p. ; |
| Otros detalles físicos |
il. |
| Dimensiones |
29 cm. |
| 500 ## - NOTA GENERAL |
| Nota general |
Incluye índice de autores, páginas; 303-310. |
| 500 ## - NOTA GENERAL |
| Nota general |
Incluye índice de pasajes de las escrituras, páginas; 311-328. |
| 500 ## - NOTA GENERAL |
| Nota general |
Incluye índice temático, páginas; 329-350. |
| 500 ## - NOTA GENERAL |
| Nota general |
Preparado por el sistema educacional de la iglesia. |
| 650 ## - ENCABEZAMIENTO DE MATERIA--TEMÁTICO |
| Fuente del encabezamiento o término |
NOVELA INGLESA |
| 650 #4 - ENCABEZAMIENTO DE MATERIA--TEMÁTICO |
| Fuente del encabezamiento o término |
MAGIA - NOVELA |
| 650 #4 - ENCABEZAMIENTO DE MATERIA--TEMÁTICO |
| Fuente del encabezamiento o término |
NOVELA JUVENIL INGLESA |
| 942 ## - ADDED ENTRY ELEMENTS (KOHA) |
| Source of classification or shelving scheme |
Dewey Decimal Classification |
| Koha item type |
Libros |
| 945 ## - INFORMACIÓN DE PROCESAMIENTO LOCAL |
| Información de procesamiento local |
inventariado extranjero / DG |
| 956 ## - LOCAL ELECTRONIC LOCATION AND ACCESS (OCLC) |
| Nombre de host |
YLOCKWARD |
| Método de acceso |
10 |
| Enlace |
BPMSU |
| Campo enlazado y núm. de secuencia |
00144 |
| 980 ## - EQUIVALENCE OR CROSS-REFERENCE-SERIES STATEMENT--PERSONAL NAME/TITLE [LOCAL, CANADA] |
| Personal name |
|
| -- |
|
| Numeration |
|
| Attribution qualifier |
|
| Titles and other words associated with a name |
|